Normal view
MARC view
- Quality control
Entry Topical Term
001 - CONTROL NUMBER
- control field: 85041
003 - CONTROL NUMBER IDENTIFIER
- control field: NUST
005 - DATE AND TIME OF LATEST TRANSACTION
- control field: 20211124121215.0
008 - FIXED-LENGTH DATA ELEMENTS
- fixed length control field: 211124|| aca||aabn | a|a d
040 ## - CATALOGING SOURCE
- Original cataloging agency: NUST
- Transcribing agency: NUST
150 ## - HEADING--TOPICAL TERM
- Topical term or geographic name entry element: Quality control
- General subdivision: Statistical methods
670 ## - SOURCE DATA FOUND
- Source citation: Work cat.: (NUST)31553: Mitra, Amitava. 85040, Fundamentals of quality control and improvement /, c2008.
